Akútna pyelonefritída

Bibliographic Details
Main Author: Capová, Miriam (Author)
Format: Article
Language:Slovak
PhysicalDescription:Obr.
ISSN:1335-9444
Subjects:

MARC

LEADER 00000nab a2200000 a 4500
001 vtls008875210
003 SK-MaSNL
005 20260304180024.0
008 250505c2005 xo 0 slo
015 |a SNBCL2005/5 
035 |a SLK034209 
035 |a urn:nbn:sk:snk-ab70ml 
035 |a (uuid)39dd5d10-eeaa-49d1-b946-83adc036f1a2 
035 |a (urnnbn)urn:nbn:sk:snk:ar-a06gah 
035 |a (sysno)vtls008875210 
040 |a SNKBUCL  |b slo  |c SNKBUCL  |e AACR2 
041 0 |a slo 
044 |a xo  |c SK 
080 |a 616.6-002:615.3:616-083  |2 1981 
100 1 |a Capová, Miriam  |4 aut  |9 168119 
245 1 0 |a Akútna pyelonefritída  |c Miriam Capová 
300 |b Obr. 
650 0 7 |a pyelonefritída  |2 MESH  |9 27813 
650 0 7 |a ošetrovateľská starostlivosť  |2 MESH  |9 63308 
650 0 7 |a faktory rizikové  |2 MESH  |9 838956 
650 0 7 |a dokumentácia  |2 MESH  |9 19518 
650 0 7 |a kvalita života  |2 MESH  |9 1705 
650 0 7 |a analgetiká nenarkotické  |2 MESH  |9 1299374 
650 0 7 |a hygiena  |x výchova a vzdelávanie  |2 MESH  |9 1432222 
773 0 |t Sestra  |g Roč. 4, č. 7-8 (2005), s. 39  |x 1335-9444 
850 |a Slovenská národná knižnica 
852 |a Slovenská národná knižnica 
954 |a odborná, vedecká literatúra pôvodná (slovenská)  |2 lita 
958 |a article27 
958 |a OND 
958 |a EUIPO 
999 |c 3016130  |d 3018060